Statistics for Vocabulary Quiz

Click here to take the quiz!

General Stats

  • This quiz has been taken 30 times
  • The average score is 7 of 10

Answer Stats

DefinitionLettersAnswer% Correct
A piece of furniture for sleep or rest3Bed
100%
Receiving money, especially on a regular basis6In{come}
87%
Very unusual or remarkable13Extra{ordinary}
83%
Deviation from the norms of social behavior11Dysfun{ction}
80%
The process of making an area more urban12Urbani{zation}
80%
Affected by physical or mental illness4Sick
77%
A monumental structure7Py{ramid}
67%
Unable to take effective action8Impo{tent}
60%
Easily evaporated at normal temperatures8Vol{atile}
43%
Consisting of two parts, elements, or aspects4Dual
30%

Score Distribution

Percentile by Number Answered

Percent of People with Each Score

Your Score History

You have not taken this quiz